• 首页
  • 本馆介绍
  • 公告通知
  • 最新文献
  • 馆藏检索
  • 电子资源
  • 读者导购
  • 参考咨询
  • 我的图书馆
  • 登录
  • 详细信息显示
  • 放入我的书架
  • 预约/预借图书
  • 作者相关作品
  • 分类相关作品
  • 丛书相关作品
  • 出版社相关作品

书目信息

  • 表格格式
  • 工作单格式
  • 卡片格式
题名:
论清末民初中国社会
    
 
作者: 蔡尚思 著
分册:  
出版信息: 上海   复旦大学出版社  1983
页数: 366页
开本: 19cm
丛书名:
单 册:
中图分类: K257.07 , K252
科图分类:
主题词: 史评--中国--近代--文集
电子资源:
ISBN:
000 00628nam0 2200229 450
001 1532880476
005 20150120090829.78
010    @dCNY1.30
091    @a11253.001
100    @a19950524d1983 em y0chiy0110 ea
101 0  @achi
102    @aCN@b310000
105    @ay z 000yy
200 1  @a论清末民初中国社会@9lun qing mo min chu zhong guo she hui@f蔡尚思等著
210    @a上海@c复旦大学出版社@d1983
215    @a366页@d19cm
606 0  @a史评@y中国@z近代@x文集
690    @aK257.07@v5
690    @aK252@v4
701  0 @a蔡尚思@9cai shang si@f(1905~2008)@4著
801  0 @aCN@bTSSF@c20150120
905    @aZUCC@dK252@eJY19
    
    论清末民初中国社会/蔡尚思等著.-上海:复旦大学出版社,1983
    366页;19cm
    
    
    ISBN :CNY1.30
    
●
相关链接 在E读中查询图书 在五车中查询图书 在当当中查询图书 在豆瓣中查询图书


正题名:论清末民初中国社会     索取号:K252/JY19         预约/预借

序号 登录号 条形码 馆藏地/架位号 状态 备注
1 7835851   278358518   学院路分馆/ [索取号:K252/JY19] 在馆    
2 7835852   278358527   学院路分馆/ [索取号:K252/JY19] 在馆    
唐山师范学院图书馆 欢迎您!
大连网信软件有限公司© 版权所有